000 01566nam a2200457 i 4500
001 19548
003 KOSZ 005
005 20220822140105.0
008 000320s1980 pl a f |001 0 pol
015 _aPB 1980/2241
020 _a8301003537
035 _a991013292739705066
035 _a(PL-WaBN)b13584431-48omnis_nlop
035 _ab13584431
035 _a(OCoLC)830949371
035 _a(PL)b0000001358443
035 _a(EXLNZ-48OMNIS_NETWORK)9910443856205606
040 _aWA N
_cWA N
_dKOSZ 005/EG
_dKOSZ 005/HR
041 0 _apol
046 _k1980
080 _a7.032(38)
100 1 _aBernhard, Maria Ludwika
_d(1908-1998)
_eAutor
245 1 0 _aSztuka hellenistyczna /
_cMaria Ludwika Bernhard.
260 _aWarszawa :
_bPańst. Wydaw. Naukowe,
_c1980.
300 _a619, [1] s. :
_bil., 2 mapy, portr., err. ;
_c25 cm.
336 _2rdacontent
_aTekst
_btxt
337 _2rdamedia
_aBez urządzenia pośredniczącego
_bn
338 _2rdacarrier
_aWolumin
_bnc
380 _aKsiążki
388 _a1901-2000
388 _a1945-1989
500 _aStanowi kontynuację prac: "Sztuka grecka V wieku p. n. e. " i "Sztuka grecka IV wieku p. n. e. ".
504 _aBibliogr. s. 577-611. - Indeksy.
650 7 _aHistoria sztuki
655 7 _aSztuka hellenistyczna
658 _aKultura i sztuka
710 2 _aPaństwowe Wydawnictwo Naukowe
856 _uhttp://koha.tu.koszalin.pl/cgi-bin/koha/opac-detail.pl?biblionumber=19548
_yKatalog online BPK
942 _2UKD
_cKS
999 _c19548
_d19548